| 000 | 00571nam a2200169Ia 4500 | ||
|---|---|---|---|
| 003 | GCL | ||
| 008 | 140319s9999 xx 000 0 ara d | ||
| 040 |
_aGCL / _cGCL |
||
| 082 | 0 | 4 |
_a166 _bع.ق |
| 100 | 1 | _aفاطمة احمد خفاجى | |
| 245 | 1 | 0 |
_aفى الصحة النفسية: المرونة. التصلب للمعاملات لغير العاملات / _cفاطمة احمد خفاجى |
| 260 |
_a[S.N] : _bدار المعرفة الجامعية ، _c1991 |
||
| 300 | _a220 ص | ||
| 490 | _a | ||
| 650 | 0 | 4 | _aعلم النفس القياسى |
| 942 |
_2ddc _cBK |
||
| 999 |
_c54006 _d54006 |
||